000 01000nam a22002417a 4500
005 20150817111930.0
010 _aENG-113550
020 _c399.00
_a9789350099889
035 _aEN- 97082
037 _bDBAD/PUB
082 _a303.4833
100 _aJeffrey, Robin
245 _aCell phone nation :
_cby Robin Jeffrey [and] Assa Doron
_bhow mobiie phones have revolutionized business, politics and ordinary life in India /
260 _aGurgaon
_bHachette Book Publishing
_c2013
270 _a4th & 5th Floors, Corporate Center, Plot No. 94, Sector 44
_bGurgaon
_e122003
300 _axxxiv,293p., 24 unnumbered pages of plates :
_c23cm(pbk)
_b ill. (some col.), maps
500 _a Includes bibliographical references (pages 265-280) and index.
650 _a Cell phones
_xSocial aspects
_z India.
650 _a Cell phones
_xEconomic aspects
_z India.
650 _a Cell phones
_xPolitical aspects
_z India.
700 _aDoron, Assa
942 _2ddc
_cEN
_mJEF
_h303.4833
999 _c95083
_d95083